| 000 | 01193nam0a22003371 4500 | ||
|---|---|---|---|
| 001 | rc\2124600 | ||
| 005 | 20250623062011.0 | ||
| 035 | _a(NLR Aleph) 006624149 | ||
| 090 |
_a7481658 _c7481658 |
||
| 100 | _a20110829d1979 |||y0rusy50 ca | ||
| 101 | 1 |
_arus _alav _clav |
|
| 102 | _aRU | ||
| 105 | _aa z ||||| | ||
| 200 | 1 |
_aТервете _eПарк лесн. пейзажей _e[Фотоочерк] _fПер. с латыш. А. Гиршфельд _gФото А. Шаблиса и др. |
|
| 210 |
_aРига _cЛиесма _d1979 |
||
| 215 |
_a49 с. _cцв. ил. _d19х22 |
||
| 300 | _aНа обл. авт. не указаны | ||
| 300 | _aТекст парал. на рус. и латыш. яз. | ||
| 300 | _aПарал. загл. на латыш. яз. | ||
| 700 | 1 |
_aБанзинь _bВ.В. _gВисвалдис Волдемарович |
|
| 701 | 1 |
_aРапа _bЯ.Я. _gЯнис Янович |
|
| 702 | 1 |
_aШаблис _bА. _4440 |
|
| 702 | 1 |
_aГиршфельд _bА. _4730 |
|
| 801 | 0 |
_aRU _bNLR _gpsbo |
|
| 801 | 1 |
_aRU _bELAR _2rusmarc |
|
| 852 |
_aNLR _bОНЛ |
||
| 899 |
_aRuMoRGB _jЛат 65/394 |
||
| 899 |
_aRuMoRGB _jЛат 65/395 |
||
| 942 | _cBOOK | ||
| 980 | _aNB | ||